| 000 | 00527nam a2200157 i 4500 | ||
|---|---|---|---|
| 001 | 40034 | ||
| 003 | ES-MaACL | ||
| 007 | t| | ||
| 008 | 030305s1926 sp ||||1| spa d | ||
| 100 | 1 |
_aCantonnet, Paul. _934687 |
|
| 245 | 1 | 0 |
_aCompendios de medicina y cirugía _b: el pulmón turberculoso / _cPaul Cantonnet ; traducción de José Codina Suqué. |
| 260 |
_aMadrid : _b[s.n., _c1926] ( _fImp. Cervantina) |
||
| 300 |
_aVIII, 165 p. ; _c17 cm. |
||
| 700 | 1 |
_aCodina Suqué, José. _939435 |
|
| 852 |
_aES-MaACL _jB-9767 _bR.18500 |
||
| 999 |
_c40034 _d40034 |
||